header

Zoroastrianism (Record no. 125316)

MARC details
000 -LEADER
fixed length control field 02871nam a2200373 a 4500
082 04 - DEWEY DECIMAL CLASSIFICATION NUMBER
Classification number 295
100 1# - MAIN ENTRY--AUTHOR NAME
Personal name Rose, Jenny,
245 10 - TITLE STATEMENT
Title Zoroastrianism
260 ## - PUBLICATION, DISTRIBUTION, ETC. (IMPRINT)
Place of publication London :
Name of publisher I.B. Tauris,
Year of publication 2011.
300 ## - PHYSICAL DESCRIPTION
Number of Pages xxiv, 303 p. :
Other physical details ill., maps.
490 1# - SERIES STATEMENT
Series statement I.B. Tauris introductions to religion
520 8# - SUMMARY, ETC.
Summary, etc "Zoroastrianism is one of the world's great ancient religions. In present-day Iran significant communities of Zoroastrians (who take their name from the founder of the faith, the remarkable religious reformer Zoroaster, or--in the old Avestan language--Zarathustra) still practise the rituals and teach the moral precepts that once undergirded the officially state-sanctioned faith of the mighty Sasanian empire. Beyond Iran, the Zoroastrian diaspora is significant especially in India, where the Gujurati-speaking community of exiles from post-Sasanian Iran call themselves 'Parsis'. But there are also significant Zoroastrian communities to be found elsewhere, such as in the USA, Britain and Canada, where western cultural contexts have shaped the religion in intriguing ways and directions. This new, thorough and wide-ranging introduction will appeal to anyone interested in discovering more about the faith that bequeathed the contrasting words 'Mary' and 'magic', and whose adherents still live according to the code of Good Thoughts, Good Words, Good Deeds. The central Zoroastrian concept that human beings are continually faced with a choice between the path of 'good' and 'evil', represented by the contrasting figures of Ahura Mazda and Ahriman, inspired thinkers as diverse as Voltaire, Mozart and Nietzsche. Jenny Rose shows why Zoroastrianism remains one of the world's most inspiring and perennially fascinating systems of ethics and belief"--Publisher description, p. [4] of cover.
650 #0 - SUBJECT ADDED ENTRY--TOPICAL TERM
Topical Term Zoroastrianism.
856 40 - ELECTRONIC LOCATION AND ACCESS
Uniform Resource Identifier http://site.ebrary.com/lib/rucke/Doc?id=10486788

No items available.

© 2026 Rongo University
Contact us: librarian | system librarian | Rongo university